000 00940nam a2200253 i 4500
003 DO-SdBNP
005 20241018091709.0
007 ta
008 241018b1979 ck ||||| |||| 00| 0 spa d
040 _aDO-SdBNP
_bspa
_cBNPHU
_erda
082 4 _a330.97293
_bP969i
_222
245 1 0 _aProyecto e índice general de investigación sobre la formación económica y social de la República Dominicana durante el período 1930-1979
264 4 _aSanto Domingo :
_bAlfa y Omega,
_c1979
300 _a142 páginas ;
_c21 cm.
336 _atexto
_btxt
_2rdacontent
337 _asin mediación
_bn
_2rdamedia
338 _avolumen
_bnc
_2rdacarrier
500 _aIndice de investigacion socio-económica de República Dominicana 1930-1979
590 _aInventariado, 2024/DG
650 4 _aRepública Dominicana
_914827
_xCondiciones económicas
650 4 _aRepública Dominicana
_xCondiciones sociales
_950857
910 _aDG
942 _2ddc
_cLBS1
999 _c57902
_d57902